Normal view
MARC view
- Dressner, Howard R.
Entry Personal Name
001 - CONTROL NUMBER
- control field: 151870
003 - CONTROL NUMBER IDENTIFIER
- control field: DLC
005 - DATE AND TIME OF LATEST TRANSACTION
- control field: 20260116151707.0
008 - FIXED-LENGTH DATA ELEMENTS
- fixed length control field: 971106n| acannaabn n aad c
010 ## - LIBRARY OF CONGRESS CONTROL NUMBER
- LC control number: n 97867877
035 ## - SYSTEM CONTROL NUMBER
- System control number: (NN-PD)NN 300905037
035 ## - SYSTEM CONTROL NUMBER
- System control number: (OCoLC)oca04517288
040 ## - CATALOGING SOURCE
- Original cataloging agency: NN-PD
- Language of cataloging: eng
- Transcribing agency: NN-PD
- Modifying agency: NjP
- Modifying agency: OCoLC
100 1# - HEADING--PERSONAL NAME
- Personal name: Dressner, Howard R.
670 ## - SOURCE DATA FOUND
- Source citation: *MGZA Art & the law. v 2, no 2, Jan 1976, p 1.
670 ## - SOURCE DATA FOUND
- Source citation: Essays in bewilderment, c1997:
- Information found: t.p. (Howard Roy Dressner) jkt. (lawyer, former assist. prof. and assist. vice pres of New York Univ.; was vice pres. and general counsel of the Ford Foundation)



